000 005360000a22001810004500
003 MACL
005 20160520122519.0
008 160520b xxu||||| |||| 00| 0 eng d
040 _aMACL
_cMACL
041 _aHindi
082 _a891.433
100 _aशानी
_943500
245 _aदस प्रतिनिधि कहानियॉ
_cशानी
260 _bकिताब घर प्रकाशन
_c1997
_aदिल्‍ली
350 _a70
650 _aLiteracture
_958400
942 _cHIN
_k891.433/SHA/S
_2ddc
999 _c9847
_d9847